| 000 | 00646nam a2200241Ia 4500 | ||
|---|---|---|---|
| 003 | OSt | ||
| 005 | 20220918223703.0 | ||
| 006 | a|||||r|||| 00| 0 | ||
| 007 | ta | ||
| 008 | 220917b |||||||| |||| 00| 0 eng d | ||
| 024 | _a224,737 | ||
| 037 | _cTextual | ||
| 040 |
_aARTS _cARTS _beng |
||
| 041 |
_2eng _aeng |
||
| 082 | _aRx:g, P4 | ||
| 100 |
_aSimons Jon Ed. _934791 |
||
| 245 | 0 | _aContemporary critical theorists from Lacan to said | |
| 260 |
_aEdinburgh _bEdinburgh Univ. press _c2004 |
||
| 300 |
_axi, 212p _ccm. |
||
| 650 | _aPHILOSOPHY | ||
| 942 |
_hRx:g, P4 _cTEXL _2CC |
||
| 999 |
_c279187 _d279187 |
||